| 000 | 00411nam a2200157Ia 4500 | ||
|---|---|---|---|
| 008 | 231217s9999 xx 000 0 und d | ||
| 041 | _aEnglish | ||
| 082 | _a621.31042 SCA | ||
| 100 | _aScaddan, Brian | ||
| 245 | 0 | _aElectrical installation work | |
| 250 | _a2nd ed. | ||
| 260 |
_c1996 _bOxford : Newnes, |
||
| 300 | _aix+428 | ||
| 650 | _aElectrical installation Installation,electrical | ||
| 942 | _cAA | ||
| 999 |
_c165023 _d165023 |
||